[Event "Hamburg-ch int"]
[Site "Hamburg"]
[Date "2000.06.18"]
[Round "9"]
[White "Maahs, Erich"]
[Black "Hegeler, Frank"]
[Result "1/2-1/2"]
[WhiteElo "2195"]
[BlackElo "2347"]
[PlyCount "79"]
[EventDate "2000.06.10"]
[EventType "swiss"]
[EventRounds "9"]
[EventCountry "GER"]
[SourceTitle "CBM 076 Extra"]
[Source "ChessBase"]
[SourceDate "2000.07.11"]
[SourceVersion "1"]
[SourceVersionDate "2000.07.11"]
[SourceQuality "1"]

1. e4 c5 2. Bc4 Nc6 3. Nf3 g6 4. d3 Bg7 5. Nc3 Na5 6. Be3 Nxc4 7. dxc4 b6 8. Qd3 Bb7 9. 0-0-0 Nf6 10. Rd2 0-0 11. h4 h5 12. Nh2 d6 13. f3 a6 14. g4 b5 15. Bg5 Nd7 16. Nd5 bxc4 17. Qxc4 Bxd5 18. exd5 Rb8 19. c3 Ne5 20. Qe4 f5 21. gxf5 gxf5 22. Qe2 Qa5 23. a3 c4 24. Rg1 Nd3+ 25. Rxd3 cxd3 26. Qe6+ Kh7 27. Bxe7 Bh6+ 28. Kb1 Rxb2+ 29. Kxb2 Qb6+ 30. Ka2 Qxg1 31. Bxf8 Qxh2+ 32. Kb3 Bxf8 33. Qxf5+ Kg8 34. Qg6+ Bg7 35. Qe8+ Bf8 36. Qg6+ Bg7 37. Qe8+ Bf8 38. Qg6+ Bg7 39. Qe8+ Bf8 40. Qg6+ 1/2-1/2

[Event "BL2-Nord 9900"]
[Site "Germany"]
[Date "1999.10.10"]
[Round "1.1"]
[White "Lamprecht, Frank"]
[Black "Hegeler, Frank"]
[Result "1-0"]
[WhiteElo "2405"]
[BlackElo "2345"]
[PlyCount "61"]
[EventDate "1999.10.10"]
[EventType "team-tourn"]
[EventRounds "9"]
[EventCountry "GER"]
[SourceTitle "CBM 074 Extra"]
[Source "ChessBase"]
[SourceDate "2000.03.10"]
[SourceVersion "2"]
[SourceVersionDate "2000.03.10"]
[SourceQuality "1"]
[WhiteTeam "Hamburg Koenigsspringer"]
[BlackTeam "Hamburger SK II"]
[WhiteTeamCountry "GER"]
[BlackTeamCountry "GER"]

1. d4 d5 2. c4 c6 3. Nf3 Nf6 4. Nc3 dxc4 5. a4 Bf5 6. e3 e6 7. Bxc4 Bb4 8. 0-0 0-0 9. Qe2 Bg6 10. Rd1 Qa5 11. Ne5 Nbd7 12. Nxg6 hxg6 13. Qc2 c5 14. Na2 cxd4 15. Rxd4 Rac8 16. Nxb4 Qxb4 17. Qe2 Qa5 18. Bd2 Qb6 19. Bb5 e5 20. Rb4 a5 21. Rc4 Rc5 22. b4 axb4 23. Bxb4 Rxc4 24. Qxc4 Ra8 25. Rd1 Nf8 26. Rd6 Qa7 27. Bc3 Ne8 28. Rd5 e4 29. Rd1 Ne6 30. Qxe4 Nc5 31. Qe7 1-0

[Event "Hamburg-ch int"]
[Site "Hamburg"]
[Date "1999.05.26"]
[Round "5.10"]
[White "Hegeler, Frank"]
[Black "Rogozenco, Dorian"]
[Result "0-1"]
[WhiteElo "2356"]
[BlackElo "2557"]
[PlyCount "88"]
[EventDate "1999.05.22"]
[EventType "swiss"]
[EventRounds "9"]
[EventCountry "GER"]
[SourceTitle "CBM 072"]
[Source "ChessBase"]
[SourceDate "1999.10.01"]
[SourceVersion "1"]
[SourceVersionDate "1999.10.01"]
[SourceQuality "1"]

1. d4 Nf6 2. c4 e6 3. Nf3 d5 4. Nc3 c6 5. e3 Nbd7 6. Bd3 dxc4 7. Bxc4 b5 8. Bd3 a6 9. e4 c5 10. d5 c4 11. Bc2 Qc7 12. dxe6 fxe6 13. 0-0 Bc5 14. e5 Nxe5 15. Bf4 Bd6 16. Bxe5 Bxe5 17. Nxe5 Qxe5 18. Re1 Qc7 19. a4 Rb8 20. axb5 axb5 21. Nxb5 Rxb5 22. Ba4 Qb8 23. Bxb5+ Qxb5 24. Qa4 Qxa4 25. Rxa4 Ke7 26. Rxc4 Bd7 27. f4 Kd6 28. Rd1+ Nd5 29. Rcd4 Bc6 30. Kf2 Rf8 31. Kg3 Ke7 32. Rc1 Kd6 33. Rcd1 Rb8 34. b4 Ke7 35. Rb1 Ra8 36. Rb2 Ra3+ 37. Kf2 Nc3 38. Ke1 Ra1+ 39. Kd2 Nb5 40. Rd3 Nd6 41. Kc3 Rc1+ 42. Kd2 Rf1 43. Kc3 Rxf4 44. Re3 Nc4 0-1

[Event "BL2-Nord 9899"]
[Site "Germany"]
[Date "1999.03.21"]
[Round "8.1"]
[White "Hegeler, Frank"]
[Black "Rabiega, Robert"]
[Result "1/2-1/2"]
[WhiteElo "2360"]
[BlackElo "2525"]
[PlyCount "38"]
[EventDate "1998.10.18"]
[EventType "team-tourn"]
[EventRounds "9"]
[EventCountry "GER"]
[SourceTitle "GER-chT2"]
[Source "ChessBase"]
[SourceDate "1999.07.01"]
[SourceVersion "1"]
[SourceVersionDate "1999.07.01"]
[SourceQuality "1"]
[WhiteTeam "Hamburger SK II"]
[BlackTeam "Koenig Tegel"]
[WhiteTeamCountry "GER"]
[BlackTeamCountry "GER"]

1. d4 e6 2. c4 b6 3. a3 f5 4. Nc3 Nf6 5. Nf3 Bb7 6. g3 Ne4 7. Bd2 Be7 8. d5 Bf6 9. Rc1 0-0 10. Bg2 a5 11. 0-0 Na6 12. Be1 Nac5 13. b4 axb4 14. axb4 Bxc3 15. Bxc3 Nxc3 16. Rxc3 Ne4 17. Rc1 Qf6 18. Qd4 Qe7 19. Qe5 Rac8 1/2-1/2

[Event "BL2-Nord 9899"]
[Site "Germany"]
[Date "1999.02.21"]
[Round "6.2"]
[White "Glienke, Manfred"]
[Black "Hegeler, Frank"]
[Result "0-1"]
[WhiteElo "2395"]
[BlackElo "2360"]
[PlyCount "102"]
[EventDate "1998.10.18"]
[EventType "team-tourn"]
[EventRounds "9"]
[EventCountry "GER"]
[SourceTitle "GER-chT2"]
[Source "ChessBase"]
[SourceDate "1999.07.01"]
[SourceVersion "1"]
[SourceVersionDate "1999.07.01"]
[SourceQuality "1"]
[WhiteTeam "Kreuzberg"]
[BlackTeam "Hamburger SK II"]
[WhiteTeamCountry "GER"]
[BlackTeamCountry "GER"]

1. e4 e5 2. Nc3 Nf6 3. Bc4 Nxe4 4. Bxf7+ Kxf7 5. Nxe4 d5 6. Ng3 Nc6 7. d3 Bc5 8. Qh5+ g6 9. Qh6 Nd4 10. Qd2 Qf6 11. c3 Nf5 12. Nf3 Nh4 13. Nxh4 Qxh4 14. 0-0 Rf8 15. Qe2 Bd6 16. Be3 Bd7 17. Qd2 Kg8 18. Rac1 c6 19. c4 Qe7 20. Rc2 Qf7 21. b3 a5 22. a4 Qe7 23. Bg5 Qf7 24. Bh6 Rfe8 25. Qe3 Be6 26. Re2 Bc7 27. Rfe1 e4 28. cxd5 Bxd5 29. dxe4 Bxg3 30. hxg3 Bxb3 31. Qc3 Be6 32. Bc1 h5 33. Re3 Kh7 34. Rf3 Qg7 35. Qc2 Rf8 36. Bb2 Qe7 37. Ba3 c5 38. Bxc5 Qc7 39. Rc3 Rfc8 40. Bd4 Qd7 41. Be5 Rxc3 42. Qxc3 Qxa4 43. Qe3 Qd7 44. Qg5 Rc8 45. Bf4 Qg7 46. Rd1 a4 47. Qa5 Bd7 48. f3 b5 49. Rd5 Bc6 50. Re5 Re8 51. Rc5 Qd4+ 0-1

[Event "BL2-Nord 9899"]
[Site "Germany"]
[Date "1998.12.13"]
[Round "3.1"]
[White "Hegeler, Frank"]
[Black "Poldauf, Dirk"]
[Result "0-1"]
[WhiteElo "2360"]
[BlackElo "2410"]
[PlyCount "67"]
[EventDate "1998.10.18"]
[EventType "team-tourn"]
[EventRounds "9"]
[EventCountry "GER"]
[SourceTitle "GER-chT2"]
[Source "ChessBase"]
[SourceDate "1999.07.01"]
[SourceVersion "1"]
[SourceVersionDate "1999.07.01"]
[SourceQuality "1"]
[WhiteTeam "Hamburger SK II"]
[BlackTeam "Berlin Empor"]
[WhiteTeamCountry "GER"]
[BlackTeamCountry "GER"]

1. d4 Nf6 2. c4 g6 3. Nc3 Bg7 4. e4 d6 5. Nf3 0-0 6. h3 e5 7. d5 a5 8. Be3 Na6 9. Nd2 c6 10. g4 Bd7 11. Be2 cxd5 12. cxd5 Nc5 13. h4 a4 14. a3 Qa5 15. Kf1 b5 16. g5 Nh5 17. Bxh5 gxh5 18. Qxh5 b4 19. Ne2 Nb3 20. Nxb3 axb3 21. a4 Rac8 22. Ng3 Rc2 23. Qf3 Rxb2 24. Nh5 Qa6+ 25. Kg2 Qe2 26. Nf6+ Bxf6 27. gxf6 Qxf3+ 28. Kxf3 h5 29. a5 Ra2 30. a6 Bg4+ 31. Kg3 Be2 32. a7 Bd3 33. Rag1 Bxe4 34. f3 0-1

[Event "BL2-Nord 9899"]
[Site "Germany"]
[Date "1998.11.22"]
[Round "2.1"]
[White "Stern, Rene"]
[Black "Hegeler, Frank"]
[Result "1/2-1/2"]
[WhiteElo "2465"]
[BlackElo "2360"]
[PlyCount "43"]
[EventDate "1998.10.18"]
[EventType "team-tourn"]
[EventRounds "9"]
[EventCountry "GER"]
[SourceTitle "GER-chT2"]
[Source "ChessBase"]
[SourceDate "1999.07.01"]
[SourceVersion "1"]
[SourceVersionDate "1999.07.01"]
[SourceQuality "1"]
[WhiteTeam "Neukloster"]
[BlackTeam "Hamburger SK II"]
[WhiteTeamCountry "GER"]
[BlackTeamCountry "GER"]

1. d4 d5 2. c4 dxc4 3. e3 Nf6 4. Bxc4 e6 5. Nf3 c5 6. 0-0 a6 7. Qe2 b5 8. Bd3 Bb7 9. a4 c4 10. Bc2 Nc6 11. Nc3 b4 12. Ne4 Rc8 13. Nxf6+ Qxf6 14. a5 b3 15. Be4 Bd6 16. Qxc4 Nb4 17. Qxb4 Bxb4 18. Bxb7 0-0 19. Bxc8 Rxc8 20. Bd2 Qe7 21. Rfc1 Rc2 22. Rxc2 1/2-1/2

[Event "Hamburg-ch int"]
[Site "Hamburg"]
[Date "1998.06.01"]
[Round "4"]
[White "Hegeler, Frank"]
[Black "Meyer, Falko"]
[Result "1/2-1/2"]
[WhiteElo "2330"]
[BlackElo "2330"]
[PlyCount "41"]
[EventDate "1998.05.29"]
[EventType "swiss"]
[EventRounds "9"]
[EventCountry "GER"]
[SourceTitle "CBM 064 Extra"]
[Source "ChessBase"]
[SourceDate "1998.07.07"]
[SourceVersion "1"]
[SourceVersionDate "1998.07.07"]
[SourceQuality "1"]

1. d4 d5 2. c4 e6 3. Nc3 Nf6 4. Bg5 Be7 5. e3 0-0 6. Nf3 Nbd7 7. Rc1 c6 8. Bd3 dxc4 9. Bxc4 Nd5 10. Bxe7 Qxe7 11. 0-0 Nxc3 12. Rxc3 e5 13. Qc2 exd4 14. exd4 Nb6 15. Bb3 Be6 16. Re1 Bxb3 17. Rxb3 Qd6 18. Rbe3 Nd5 19. Re5 Rad8 20. a3 Rd7 21. Qe4 1/2-1/2

[Event "Hamburg-ch int"]
[Site "Hamburg"]
[Date "1998.05.31"]
[Round "3"]
[White "Buhr, Carl Christian"]
[Black "Hegeler, Frank"]
[Result "1/2-1/2"]
[WhiteElo "2325"]
[BlackElo "2330"]
[PlyCount "44"]
[EventDate "1998.05.29"]
[EventType "swiss"]
[EventRounds "9"]
[EventCountry "GER"]
[SourceTitle "CBM 064 Extra"]
[Source "ChessBase"]
[SourceDate "1998.07.07"]
[SourceVersion "1"]
[SourceVersionDate "1998.07.07"]
[SourceQuality "1"]

1. c4 c6 2. Nf3 d5 3. e3 Nf6 4. Nc3 Bg4 5. h3 Bxf3 6. Qxf3 g6 7. d4 Bg7 8. Qd1 0-0 9. cxd5 cxd5 10. Qb3 Qd7 11. Bb5 Nc6 12. 0-0 a6 13. Be2 b5 14. Qd1 Rfd8 15. b3 e5 16. dxe5 Ne4 17. Bb2 Bxe5 18. Rc1 Qe6 19. Qe1 Rac8 20. Nd1 Bxb2 21. Nxb2 d4 22. exd4 Nxd4 1/2-1/2

[Event "Hamburg-ch int"]
[Site "Hamburg"]
[Date "1998.05.29"]
[Round "1"]
[White "Ftacnik, Lubomir"]
[Black "Hegeler, Frank"]
[Result "1-0"]
[WhiteElo "2580"]
[BlackElo "2330"]
[PlyCount "49"]
[EventDate "1998.05.29"]
[EventType "swiss"]
[EventRounds "9"]
[EventCountry "GER"]
[SourceTitle "CBM 064 Extra"]
[Source "ChessBase"]
[SourceDate "1998.07.07"]
[SourceVersion "1"]
[SourceVersionDate "1998.07.07"]
[SourceQuality "1"]

1. c4 Nf6 2. Nf3 c6 3. Nc3 d5 4. e3 e6 5. b3 b6 6. Bb2 Be7 7. g4 Nxg4 8. Rg1 Nf6 9. Rxg7 Kf8 10. Rg1 Ba6 11. Qc2 dxc4 12. bxc4 c5 13. Ne5 Bb7 14. 0-0-0 Nc6 15. f4 Rc8 16. a3 a6 17. Bg2 Rg8 18. Bxc6 Bxc6 19. Rxg8+ Kxg8 20. d4 Bb7 21. d5 exd5 22. cxd5 Bd6 23. Qf5 Rc7 24. Qg5+ Kf8 25. Ne4 1-0

[Event "BL2-Nord 9798"]
[Site "Germany"]
[Date "1998.??.??"]
[Round "9.1"]
[White "Hegeler, Frank"]
[Black "Gipslis, Aivars P"]
[Result "1/2-1/2"]
[WhiteElo "2330"]
[BlackElo "2465"]
[PlyCount "41"]
[EventDate "1997.10.??"]
[EventType "team-tourn"]
[EventRounds "9"]
[EventCountry "GER"]
[SourceTitle "EXT 1999"]
[Source "ChessBase"]
[SourceDate "1998.11.16"]
[SourceVersion "1"]
[SourceVersionDate "1998.11.16"]
[SourceQuality "1"]
[WhiteTeam "Hamburger SK II"]
[BlackTeam "Oberschoeneweide"]
[WhiteTeamCountry "GER"]
[BlackTeamCountry "GER"]

1. d4 Nf6 2. c4 e6 3. Nf3 Bb4+ 4. Bd2 Qe7 5. g3 Nc6 6. Nc3 Bxc3 7. Bxc3 Ne4 8. Qc2 Nxc3 9. Qxc3 0-0 10. Bg2 d6 11. d5 Nb8 12. dxe6 fxe6 13. Nd4 Na6 14. 0-0 e5 15. Nc2 c6 16. b4 Bd7 17. Ne3 Nc7 18. Rad1 a5 19. a3 Kh8 20. Qd2 Rf6 21. b5 1/2-1/2

[Event "Hamburg-ch"]
[Site "Hamburg"]
[Date "1997.??.??"]
[Round "7"]
[White "Bach, Matthias"]
[Black "Hegeler, Frank"]
[Result "0-1"]
[WhiteElo "2305"]
[BlackElo "2310"]
[PlyCount "84"]
[EventDate "1997.??.??"]
[EventType "swiss"]
[EventRounds "9"]
[EventCountry "GER"]
[SourceTitle "EXT 1998"]
[Source "ChessBase"]
[SourceDate "1997.11.17"]
[SourceVersion "1"]
[SourceVersionDate "1997.11.17"]
[SourceQuality "1"]

1. d4 Nf6 2. c4 e6 3. Nf3 d5 4. Nc3 Be7 5. g3 0-0 6. Bg2 dxc4 7. 0-0 Nbd7 8. e4 c5 9. e5 Nd5 10. Ne4 b5 11. dxc5 Nxc5 12. Nxc5 Bxc5 13. Ng5 Be7 14. Qg4 Rb8 15. Rd1 Qc7 16. Re1 Qb6 17. Nxh7 Kxh7 18. Be4+ g6 19. Qh5+ Kg8 20. Qh6 Nf6 21. exf6 Bxf6 22. h4 Bg7 23. Qg5 Bb7 24. h5 Bxe4 25. Rxe4 Qd8 26. hxg6 Qxg5 27. Bxg5 Bxb2 28. Rb1 c3 29. Bc1 Bxc1 30. Rxc1 b4 31. gxf7+ Kxf7 32. Rf4+ Ke7 33. Rxf8 Kxf8 34. Kf1 a5 35. Ke2 Rd8 36. Rc2 Ke7 37. f3 Rh8 38. Kd3 Rh3 39. Rg2 Rh1 40. Kc2 Ra1 41. Kb3 Rb1+ 42. Kc4 Rb2 0-1

[Event "BL2-Nord 9798"]
[Site "Germany"]
[Date "1997.??.??"]
[Round "2.2"]
[White "Buhr, Carl Christian"]
[Black "Hegeler, Frank"]
[Result "1/2-1/2"]
[WhiteElo "2340"]
[BlackElo "2330"]
[PlyCount "49"]
[EventDate "1997.10.??"]
[EventType "team-tourn"]
[EventRounds "9"]
[EventCountry "GER"]
[SourceTitle "EXT 1999"]
[Source "ChessBase"]
[SourceDate "1998.11.16"]
[SourceVersion "1"]
[SourceVersionDate "1998.11.16"]
[SourceQuality "1"]
[WhiteTeam "Hamburg Koenigsspringer"]
[BlackTeam "Hamburger SK II"]
[WhiteTeamCountry "GER"]
[BlackTeamCountry "GER"]

1. Nf3 d5 2. g3 g6 3. Bg2 Bg7 4. 0-0 e5 5. d3 Nc6 6. c3 a5 7. Qc2 Nge7 8. e4 0-0 9. Re1 h6 10. Nbd2 Be6 11. a4 b6 12. exd5 Bxd5 13. b3 Re8 14. Ba3 Qd7 15. Nc4 Nf5 16. Ncd2 Rad8 17. Rad1 Qc8 18. Bc1 Nd6 19. Nc4 Nf5 20. Bb2 Qa8 21. Ncd2 Qa6 22. Nf1 Qa8 23. N1d2 Qa6 24. Nf1 Qa8 25. N1d2 1/2-1/2

[Event "BL2-Nord 9798"]
[Site "Germany"]
[Date "1997.??.??"]
[Round "3.2"]
[White "Hegeler, Frank"]
[Black "Gisbrecht, Ewgeni"]
[Result "1/2-1/2"]
[WhiteElo "2330"]
[BlackElo "2400"]
[PlyCount "39"]
[EventDate "1997.10.??"]
[EventType "team-tourn"]
[EventRounds "9"]
[EventCountry "GER"]
[SourceTitle "EXT 1999"]
[Source "ChessBase"]
[SourceDate "1998.11.16"]
[SourceVersion "1"]
[SourceVersionDate "1998.11.16"]
[SourceQuality "1"]
[WhiteTeam "Hamburger SK II"]
[BlackTeam "Delmenhorst"]
[WhiteTeamCountry "GER"]
[BlackTeamCountry "GER"]

1. c4 c6 2. e4 d5 3. exd5 cxd5 4. cxd5 Nf6 5. Nc3 Nxd5 6. d4 Nc6 7. Nf3 Bg4 8. Qb3 Bxf3 9. gxf3 e6 10. Qxb7 Nxd4 11. Bb5+ Nxb5 12. Qc6+ Ke7 13. Qxb5 Qd7 14. Nxd5+ Qxd5 15. Bg5+ f6 16. Qxd5 exd5 17. Be3 Ke6 18. 0-0-0 Bb4 19. a3 Rac8+ 20. Kb1 1/2-1/2

[Event "Wichern op 4th"]
[Site "Hamburg"]
[Date "1997.??.??"]
[Round "6"]
[White "Hegeler, Frank"]
[Black "Teske, Henrik"]
[Result "0-1"]
[WhiteElo "2330"]
[BlackElo "2515"]
[PlyCount "70"]
[EventDate "1997.10.??"]
[EventType "swiss"]
[EventRounds "9"]
[EventCountry "GER"]
[SourceTitle "EXT 1998"]
[Source "ChessBase"]
[SourceDate "1997.11.17"]
[SourceVersion "1"]
[SourceVersionDate "1997.11.17"]
[SourceQuality "1"]

1. d4 d5 2. Nf3 Nf6 3. c4 c6 4. e3 e6 5. Bd3 dxc4 6. Bxc4 Nbd7 7. 0-0 b5 8. Bd3 Bb7 9. e4 a6 10. a4 Be7 11. Qe2 0-0 12. e5 Nd5 13. Qe4 g6 14. Bh6 Re8 15. Nbd2 bxa4 16. h4 c5 17. Qg4 Nb4 18. Bb1 cxd4 19. Qxd4 Qc7 20. Qf4 a3 21. bxa3 Nd5 22. Qg3 Nc3 23. Re1 Nxb1 24. Raxb1 Bxf3 25. Nxf3 Rab8 26. a4 Rxb1 27. Rxb1 Qc2 28. Rb7 Qc6 29. Rb1 Qxa4 30. Ng5 Qa5 31. Rb7 Qd5 32. Rc7 Nxe5 33. Qf4 Qd1+ 34. Kh2 Ng4+ 35. Kg3 Nxh6 0-1

[Event "Wichern op 4th"]
[Site "Hamburg"]
[Date "1997.??.??"]
[Round "4"]
[White "Hegeler, Frank"]
[Black "Yemelin, Vasily"]
[Result "0-1"]
[WhiteElo "2330"]
[BlackElo "2480"]
[PlyCount "74"]
[EventDate "1997.10.??"]
[EventType "swiss"]
[EventRounds "9"]
[EventCountry "GER"]
[SourceTitle "EXT 1998"]
[Source "ChessBase"]
[SourceDate "1997.11.17"]
[SourceVersion "1"]
[SourceVersionDate "1997.11.17"]
[SourceQuality "1"]

1. d4 Nf6 2. Nf3 e6 3. g3 c5 4. Bg2 cxd4 5. Nxd4 Qa5+ 6. Nd2 Nc6 7. Nxc6 bxc6 8. 0-0 d5 9. c4 Be7 10. e4 0-0 11. Re1 Rd8 12. cxd5 exd5 13. Nb3 Qa4 14. Qd4 Qxd4 15. Nxd4 Bb4 16. Nxc6 Bxe1 17. Nxd8 Bd7 18. Bg5 Bb4 19. Bxf6 gxf6 20. a3 Bf8 21. Nb7 d4 22. Rc1 d3 23. Rd1 Rb8 24. e5 Bb5 25. Nd6 Ba6 26. b4 fxe5 27. Ne4 Be7 28. Bf1 f5 29. Nc3 e4 30. f3 Rc8 31. b5 Rxc3 32. bxa6 Rxa3 33. fxe4 fxe4 34. Bh3 Bc5+ 35. Kh1 e3 36. Be6+ Kg7 37. Bc4 e2 0-1

[Event "Wichern op 4th"]
[Site "Hamburg"]
[Date "1997.??.??"]
[Round "5"]
[White "Schulz, Hans Juergen"]
[Black "Hegeler, Frank"]
[Result "0-1"]
[WhiteElo "2105"]
[BlackElo "2330"]
[PlyCount "84"]
[EventDate "1997.10.??"]
[EventType "swiss"]
[EventRounds "9"]
[EventCountry "GER"]
[SourceTitle "EXT 1998"]
[Source "ChessBase"]
[SourceDate "1997.11.17"]
[SourceVersion "1"]
[SourceVersionDate "1997.11.17"]
[SourceQuality "1"]

1. e4 c5 2. b4 cxb4 3. Bb2 Nf6 4. e5 Nd5 5. c4 bxc3 6. dxc3 e6 7. c4 Qa5+ 8. Nd2 Nc3 9. Qc2 Na4 10. Ngf3 Nc6 11. a3 Bc5 12. Bd3 Nxb2 13. Qxb2 Bd4 14. Qb1 Bxe5 15. Ra2 h6 16. 0-0 0-0 17. Re1 Bc3 18. Re3 Bxd2 19. Nxd2 d5 20. Rb2 Qc7 21. cxd5 exd5 22. Rb5 Qd6 23. Rg3 Be6 24. Nf3 Ne5 25. Nxe5 Qxe5 26. Qc1 Kh8 27. f4 Qd4+ 28. Kh1 Rac8 29. Qf1 Rc7 30. f5 Bd7 31. Rb4 Qf6 32. h3 Rfc8 33. Rb1 Bc6 34. Kh2 Re8 35. Rb4 d4 36. Qf4 Rd7 37. h4 Kg8 38. Bc4 Kf8 39. Rb1 Re3 40. Rxe3 dxe3 41. g3 Rd2+ 42. Kg1 Rg2+ 0-1

[Event "Hamburg-ch"]
[Site "Hamburg"]
[Date "1996.??.??"]
[Round "4"]
[White "Hegeler, Frank"]
[Black "Buhr, Carl Christian"]
[Result "1/2-1/2"]
[WhiteElo "2250"]
[BlackElo "2265"]
[PlyCount "43"]
[EventDate "1996.??.??"]
[EventType "swiss"]
[EventRounds "9"]
[EventCountry "GER"]
[SourceTitle "EXT 2014"]
[Source "ChessBase"]
[SourceDate "2013.11.20"]
[SourceVersion "1"]
[SourceVersionDate "2013.11.20"]
[SourceQuality "1"]

1. d4 d5 2. c4 c6 3. Nf3 Nf6 4. Nc3 dxc4 5. e3 Bf5 6. a4 e6 7. Bxc4 Bb4 8. 0-0 Nbd7 9. Qe2 Bg6 10. e4 0-0 11. Bd3 Bh5 12. e5 Nd5 13. Ne4 Be7 14. Ng3 Bg6 15. Bxg6 hxg6 16. Ne4 c5 17. Nc3 Qb6 18. Nxd5 exd5 19. dxc5 Nxc5 20. Be3 Qe6 21. a5 a6 22. Bg5 1/2-1/2

[Event "Hamburg HSK-B"]
[Site "Hamburg"]
[Date "1996.??.??"]
[Round "1"]
[White "Hegeler, Frank"]
[Black "Meyer, Falko"]
[Result "0-1"]
[WhiteElo "2285"]
[BlackElo "2305"]
[PlyCount "80"]
[EventDate "1996.10.03"]
[EventType "tourn"]
[EventRounds "9"]
[EventCountry "GER"]
[EventCategory "4"]
[SourceTitle "CBM 055 Extra"]
[Source "ChessBase"]
[SourceDate "1997.01.01"]
[SourceVersion "1"]
[SourceVersionDate "1997.01.01"]
[SourceQuality "1"]

1. d4 Nf6 2. Nf3 b5 3. g3 Bb7 4. Bg2 e6 5. 0-0 Be7 6. Bg5 0-0 7. c3 d6 8. Qd3 a6 9. Bxf6 Bxf6 10. Ng5 Bxg5 11. Bxb7 Ra7 12. Be4 g6 13. a4 c6 14. axb5 cxb5 15. d5 f5 16. Bg2 e5 17. f4 exf4 18. gxf4 Bh6 19. Na3 Qb6+ 20. Kh1 Bg7 21. e4 Re7 22. exf5 Rxf5 23. Bh3 Re3 24. Bxf5 Rxd3 25. Bxd3 Qc5 26. Rae1 Nd7 27. Nc2 Nf6 28. Ne3 Bh6 29. h3 Nxd5 30. Ng4 Bxf4 31. Be4 h5 32. Rd1 Ne3 33. Nxe3 Qxe3 34. Bf3 Be5 35. Rde1 Qg5 36. Bd5+ Kg7 37. Rf3 Qd2 38. Rxe5 dxe5 39. Rf7+ Kh6 40. Be6 Qc1+ 0-1

[Event "Hamburg-ch"]
[Site "Hamburg"]
[Date "1996.??.??"]
[Round "3"]
[White "Hegeler, Frank"]
[Black "Movsziszian, Karen"]
[Result "1-0"]
[WhiteElo "2250"]
[BlackElo "2450"]
[PlyCount "84"]
[EventDate "1996.??.??"]
[EventType "swiss"]
[EventRounds "9"]
[EventCountry "GER"]
[SourceTitle "EXT 2014"]
[Source "ChessBase"]
[SourceDate "2013.11.20"]
[SourceVersion "1"]
[SourceVersionDate "2013.11.20"]
[SourceQuality "1"]

1. d4 g6 2. Nf3 Bg7 3. g3 Nf6 4. Bg2 0-0 5. 0-0 d6 6. Nc3 Nbd7 7. e4 e5 8. h3 c6 9. a4 a5 10. Be3 Re8 11. Re1 Qc7 12. Qd2 exd4 13. Nxd4 Nc5 14. Bh6 Bh8 15. Rad1 Bd7 16. g4 Rad8 17. Bg5 Bc8 18. Ndb5 Qb8 19. Nxd6 Re5 20. Bf4 Ne8 21. Qe3 Ne6 22. Bxe5 Bxe5 23. Nxc8 Rxc8 24. Bf1 Nd6 25. b3 Kg7 26. Bc4 Nxc4 27. bxc4 Qc7 28. Ne2 Rh8 29. Rd3 h5 30. g5 h4 31. Rf1 Bf4 32. Nxf4 Nxf4 33. Qd4+ Kh7 34. Re3 Rd8 35. Qf6 Rd2 36. e5 Nh5 37. Qf3 Qe7 38. Qg4 Rxc2 39. e6 f5 40. gxf6 Nxf6 41. Qxh4+ Kg7 42. Rd1 Nd5 1-0